| 000 | 00377pam a2200157a 44500 | ||
|---|---|---|---|
| 008 | 230515b1998 xxu||||| |||| 00| 0 eng d | ||
| 020 | _aNULL | ||
| 041 | _aENGLISH | ||
| 082 | _aNULL | ||
| 100 | _aBHALERAO A. R. / MUNOT R. F. | ||
| 245 | _aFLUID MECHANICS (TECHNOVA) | ||
| 250 | _aNULL | ||
| 260 |
_aNULL _bTECHNOVA PUBLICATIONS _c1998 |
||
| 300 | _a0 PB | ||
| 650 | _aNULL | ||
| 999 |
_c630318 _d630318 |
||